000 00968cam a2200301I 4500
001 41151
005 20230410132903.0
008 721017s1960 fr c b 000 0bfre c
010 _aa 61004403
035 _a(OCoLC)ocm00445531
040 _aIllinois. Univ. Library
_cCSU
_dSER
_dLVB
029 1 _aNZ1
_b4465510
035 _a(OCoLC)445531
050 1 4 _aB PQ 2625
_bM259B 1960
082 0 0 _a843.9
049 _aGRAL
100 1 _aBoisdeffre, Pierre de.
245 1 0 _aAndré Malraux /
_cPierre de Boisdeffre.
250 _a5. ed., remaniée et augm. notamment, de plusieurs nouveaux textes d'Andre Malraux.
260 _aParis :
_bEditions universitaires,
_c[1960]
300 _a190 p.
_bports. 18 cm.
490 0 _aClassiques du XXe siáecle,
_v2
504 _a"Textes choisis": p. [123]-183. Bibliography: p. [185]-188.
600 1 0 _aMalraux, André,
_d1901-1976.
700 1 _aMalraux, André,
_d1901-1976.
942 _2lcc
_cbk
994 _aC0
_bDRFGD
999 _c89599
_d89599